Nas bocas do mundo (Registo nº 1541)
[ vista simples ]
| 000 -Etiqueta do registo | |
|---|---|
| Cabeçalho | 00830nam0a2200241 4500 |
| 005 - Identificador da versão | |
| Campo de controlo | 20240813121839.0 |
| 021 ## - Número do Depósito Legal | |
| Código do país | PT |
| Número | 390235/15 |
| 100 ## - Dados gerais de processamento | |
| Dados gerais de processamento | 20150902d2015 a y0pory5003 ba |
| 102 ## - Pais de publicação ou produção | |
| País de publicação | Portugal |
| 101 0# - Língua de publicação | |
| Língua do texto, banda sonora, etc. | Português |
| 215 ## - Descrição física | |
| Indicação específica da natureza do documento e extensão da espécie | 70, [2] p. |
| Outras indicações físicas | il. |
| 200 1# - Titulo e menção de responsabilidade | |
| Título próprio | Nas bocas do mundo |
| Informação de outro título | antologia de contos |
| Primeira menção de responsabilidade | Diogo Luís ... [et al.] |
| 210 ## - Publicação, Distribuição, etc. | |
| Lugar da edição, distribuição, etc. | [S. l.] |
| Nome do editor, distribuidor, etc. | Direção Geral de Saúde |
| -- | Plano Nacional de Leitura |
| -- | Rede de Bibliotecas Escolares |
| -- | Ordem dos Médicos Dentistas |
| Data da publicação, distribuição, etc. | 2015 |
| 606 ## - Nome comum usado como assunto | |
| Número de registo de entrada de autoridade | 0002010 |
| Palavra de ordem | Literatura portuguesa |
| Subdivisão de assunto | Conto |
| Código do sistema | CA |
| 675 ## - Classificação Decimal Universal (CDU) | |
| Notação | 821.134.3-34 |
| Edição | 3ª ed. |
| Língua da edição | por |
| 701 #1 - Nome de autor-pessoa física (co-responsabilidade principal) | |
| Palavra de ordem | Luís |
| Outra parte do nome não tomada para palavra de ordem | Diogo |
| Elementos de identificação ou distinção | et al. |
| Código de função | Autor / Co-autor |
| Palavra de ordem | Pinto |
| Outra parte do nome não tomada para palavra de ordem | Diogo |
| Elementos de identificação ou distinção | et al. |
| Código de função | Autor / Co-autor |
| Palavra de ordem | Barreira |
| Outra parte do nome não tomada para palavra de ordem | Ivo |
| Elementos de identificação ou distinção | et al. |
| Código de função | Autor / Co-autor |
| 966 ## - Identificação da Biblioteca | |
| Sigla | EB2,3ENM |
| 942 ## - Elementos de entrada adicionados (Koha) | |
| Tipo de item no Koha | Livro |
| Situação do levantamento | Origin of item (home branch) (coded) | Biblioteca de empréstimo | Código de barras | Cota | Circulation type (not for loan) | Tipo de documento | Nota do exemplar | Damaged status |
|---|---|---|---|---|---|---|---|---|
| Biblioteca Escolar Eng. Nuno Mergulhão | Biblioteca Escolar Eng. Nuno Mergulhão | BENM3627 | 82LP-34 NAS | Livro | Sem mensagem |
